Governing After Crisis : (Record no. 11302)
[ view plain ]
| 000 -LEADER | |
|---|---|
| fixed length control field | 01743cam a22003734a 4500 |
| 001 - CONTROL NUMBER | |
| control field | 15037078 |
| 005 - DATE AND TIME OF LATEST TRANSACTION | |
| control field | 20080424144601.0 |
| 008 - FIXED-LENGTH DATA ELEMENTS--GENERAL INFORMATION | |
| fixed length control field | 071009s2008 enka b 001 0 eng |
| 010 ## - LIBRARY OF CONGRESS CONTROL NUMBER | |
| LC control number | 2007041377 |
| 020 ## - INTERNATIONAL STANDARD BOOK NUMBER | |
| International Standard Book Number | 9780521885294 (hardback) |
| 020 ## - INTERNATIONAL STANDARD BOOK NUMBER | |
| International Standard Book Number | 0521885299 (hardback) |
| 020 ## - INTERNATIONAL STANDARD BOOK NUMBER | |
| International Standard Book Number | 9780521712446 (pbk.) |
| 020 ## - INTERNATIONAL STANDARD BOOK NUMBER | |
| International Standard Book Number | 0521712440 (pbk.) |
| 035 ## - SYSTEM CONTROL NUMBER | |
| System control number | (OCoLC)ocn174134106 |
| 035 ## - SYSTEM CONTROL NUMBER | |
| System control number | (OCoLC)174134106 |
| 040 ## - CATALOGING SOURCE | |
| Original cataloging agency | DLC |
| Transcribing agency | DLC |
| Modifying agency | BTCTA |
| -- | BAKER |
| -- | YDXCP |
| -- | C#P |
| -- | DLC |
| 050 00 - LIBRARY OF CONGRESS CALL NUMBER | |
| Classification number | JF1525.C74 |
| Item number | G68 2008 |
| 082 00 - DEWEY DECIMAL CLASSIFICATION NUMBER | |
| Classification number | 353.95 |
| Edition number | 22 |
| Item number | GOV |
| 245 00 - TITLE STATEMENT | |
| Title | Governing After Crisis : |
| Remainder of title | The Politics of Investigation, Accountability and Learning / |
| Statement of responsibility, etc | edited by Arjen Boin, Allan McConnell, Paul 't Hart. |
| 260 ## - PUBLICATION, DISTRIBUTION, ETC. (IMPRINT) | |
| Place of publication, distribution, etc | Cambridge ; |
| -- | New York : |
| Name of publisher, distributor, etc | Cambridge University Press, |
| Date of publication, distribution, etc | 2008. |
| 300 ## - PHYSICAL DESCRIPTION | |
| Extent | xiii, 322 p. : |
| Other physical details | ill. ; |
| Dimensions | 23 cm. |
| 504 ## - BIBLIOGRAPHY, ETC. NOTE | |
| Bibliography, etc | Includes bibliographical references and index. |
| 650 #0 - SUBJECT ADDED ENTRY--TOPICAL TERM | |
| Topical term or geographic name as entry element | Crisis management in government. |
| 9 (RLIN) | 3695 |
| 650 #0 - SUBJECT ADDED ENTRY--TOPICAL TERM | |
| Topical term or geographic name as entry element | Political leadership. |
| 9 (RLIN) | 3696 |
| 700 1# - ADDED ENTRY--PERSONAL NAME | |
| Personal name | Boin, Arjen. |
| 9 (RLIN) | 3697 |
| 700 1# - ADDED ENTRY--PERSONAL NAME | |
| Personal name | McConnell, Allan, |
| Dates associated with a name | 1957- |
| 9 (RLIN) | 3698 |
| 700 1# - ADDED ENTRY--PERSONAL NAME | |
| Personal name | Hart, Paul 't. |
| 9 (RLIN) | 3699 |
| 856 42 - ELECTRONIC LOCATION AND ACCESS | |
| Materials specified | Contributor biographical information |
| Uniform Resource Identifier | <a href="http://www.loc.gov/catdir/enhancements/fy0805/2007041377-b.html">http://www.loc.gov/catdir/enhancements/fy0805/2007041377-b.html</a> |
| 856 42 - ELECTRONIC LOCATION AND ACCESS | |
| Materials specified | Publisher description |
| Uniform Resource Identifier | <a href="http://www.loc.gov/catdir/enhancements/fy0805/2007041377-d.html">http://www.loc.gov/catdir/enhancements/fy0805/2007041377-d.html</a> |
| 856 41 - ELECTRONIC LOCATION AND ACCESS | |
| Materials specified | Table of contents only |
| Uniform Resource Identifier | <a href="http://www.loc.gov/catdir/enhancements/fy0805/2007041377-t.html">http://www.loc.gov/catdir/enhancements/fy0805/2007041377-t.html</a> |
| 942 ## - ADDED ENTRY ELEMENTS (KOHA) | |
| Source of classification or shelving scheme | Dewey Decimal Classification |
| Item type | Book - Borrowing |
| Withdrawn status | Item status | Source of classification or shelving scheme | Damaged status | Not for loan | Vendor | Home library | Current library | Shelving location | Date acquired | Source of acquisition | Cost, normal purchase price | Serial Enumeration / chronology | Total Checkouts | Full call number | Barcode | Date last seen | Date last borrowed | Koha item type |
|---|---|---|---|---|---|---|---|---|---|---|---|---|---|---|---|---|---|---|
| Dewey Decimal Classification | Baccah | Central Library | Central Library | First floor | 14/04/2009 | 187.20 | 6995 | 1 | 353.95 GOV | 000015895 | 15/07/2025 | 31/03/2014 | Book - Borrowing |